000 01084nam a22002897a 4500
001 4153
003 FISKH
005 20240614110856.0
008 240614b cb ||||| |||| 00| 0 eng d
020 _a9780545086035
040 _aFISKH
_beng
_cFISKH
_dFISKH
050 _aQC941.3
082 _a551.55
100 _aEarhart, Kristin
245 _aThe magic school bus weathers the storm /
_cWritten by Kristin Earhart ; Illustrated by Carolyn Bracken
250 _aFirst Scholastic printing, October 2008
260 _aNew York :
_bScholastic,
_c2008.
300 _a32 pages :
_bcolor illustrations ;
_c23 cm
505 _aJ
520 _aThere are stormy skies ahead for Ms. Frizzle and her class. What happens when the Magic School Bus turns into a weather balloon? Take off with the Magic School Bus and learn all about what happens during a thunderstorm.
521 8 _a490
_bLexile
521 8 _aJ
_bRaz-Plus
650 _aMagic School Bus
_vEarth Science
_xStorms
700 _aBracken, Carolyn
_eIllustrator
942 _2ddc
_cBK
_n0
999 _c4153
_d4153